La tyrannie du on. L’impasse (notice n° 1605516)
[ vue normale ]
| 000 -LEADER | |
|---|---|
| fixed length control field | 01618cam a2200181 4500500 |
| 005 - DATE AND TIME OF LATEST TRANSACTION | |
| control field | 20251228095055.0 |
| 041 ## - LANGUAGE CODE | |
| Language code of text/sound track or separate title | fre |
| 042 ## - AUTHENTICATION CODE | |
| Authentication code | dc |
| 100 10 - MAIN ENTRY--PERSONAL NAME | |
| Personal name | Vieira, António |
| Relator term | author |
| 245 00 - TITLE STATEMENT | |
| Title | La tyrannie du on. L’impasse |
| 260 ## - PUBLICATION, DISTRIBUTION, ETC. | |
| Date of publication, distribution, etc. | 2019.<br/> |
| 500 ## - GENERAL NOTE | |
| General note | 80 |
| 520 ## - SUMMARY, ETC. | |
| Summary, etc. | Dans ce bref essai composé de fragments, l’auteur questionne le rôle qu’exerce de plus en plus le goût de la foule sur le travail des intellectuels. Ce phénomène, qui illustre en quelque sorte le triomphe de l’anonymat sur la scène de l’histoire, a des retentissements autant sur la qualité de l’art (la banalité, la vulgarité, le kitsch) que sur l’éthique de la création intellectuelle. |
| 520 ## - SUMMARY, ETC. | |
| Summary, etc. | In this brief essay made up of fragments, the author looks into how the work of intellectuals is increasingly permeated by a taste for crowds. In a way, this illustrates the triumph of anonymity on the historical stage and has an impact both on the quality of art (triviality, vulgarity, and kitsch) and on the ethics of intellectual creation. |
| 520 ## - SUMMARY, ETC. | |
| Summary, etc. | Neste breve ensaio composto por fragmentos, o autor questiona a influência crescente exercida pelo gosto das massas sobre o trabalho dos intelectuais. Este fenómeno, que ilustra, em certa medida, o papel dominante do anonimato na cena histórica, tem implicações tanto a nível da qualidade da arte (banalidade, vulgaridade, kitsch) como no plano ético da criação intelectual. |
| 786 0# - DATA SOURCE ENTRY | |
| Note | Sigila | 43 | 1 | 2019-04-30 | p. 127-135 | 1286-1715 |
| 856 41 - ELECTRONIC LOCATION AND ACCESS | |
| Uniform Resource Identifier | <a href="https://shs.cairn.info/revue-sigila-2019-1-page-127?lang=fr&redirect-ssocas=7080">https://shs.cairn.info/revue-sigila-2019-1-page-127?lang=fr&redirect-ssocas=7080</a> |
Pas d'exemplaire disponible.




Réseaux sociaux